00632nam a2200157 a 4500008004100000020001500041050001800056245008800074246001600162260002200178300001900200350000900219995009600228999001700324952013300341120416s0000 ||||||||||||||||| || u a0852968833 aTK 5102.5 Pri10aPrinciples of performance engineering for telecommunication and information systems aM. Ghanbari aLondonbIEEc1997 ax, 327p. : ill a0.00 D0.00FCBU-MAIN LIBRARY (Kitwe)H1I37.50M1UAVAILABLEZMain Library Open Access Collection c54631d54631 00102lcc4070a001b001cMain Library Open Access Collectiond2022-11-30l0oTK 5102.5 Prip46428r2022-11-30w2022-11-30y002